Lady Gaga - Paroles Always Remember Us This Way - Statistiques

Statistiques générales
  • Ce quiz a été pris 23 fois
  • Le résultat moyen est 186 sur 209
Statistiques - réponses
Hint Réponse % Correct
a
100%
always
100%
and,
100%
and
100%
And
100%
Outro When
100%
eyes
100%
go
100%
I
100%
in
100%
look
100%
me
100%
remember
100%
Couplet 1 That
100%
that
100%
the
100%
The
100%
this
100%
us
100%
way
100%
way,
100%
we
100%
We
100%
when
100%
When
100%
yeah
100%
You
100%
you
100%
your
100%
all
94%
at
94%
can't
94%
Bridge Oh,
94%
Refrain So
94%
down
94%
find
94%
it
94%
never
94%
say
94%
sky
94%
sun
94%
Arizona
88%
baby,
88%
band
88%
catch
88%
die
88%
Every
88%
fire
88%
goes
88%
goodbye,
88%
I'll
88%
I'm
88%
It's
88%
know
88%
my
88%
play
88%
time
88%
won't
88%
words
88%
babe,
81%
Burnin'
81%
California
81%
couldn't
81%
don't
81%
found
81%
hurts
81%
soul
81%
wanna
81%
be
75%
gold
75%
light
75%
Like
75%
of
75%
on
75%
really
75%
that's
75%
to
75%
try
75%
up
75%
will
75%
world
75%
but
69%
But
69%
choked
69%
just
69%
part
69%
where
69%
how
63%
night
63%
damn,
56%
Couplet 2 Lovers
56%
memory,
56%
whole
56%
You're
56%
write
50%
fades
44%
Poets
44%
buried
31%
rhyme,
31%
tryna
25%
Aucun quiz correspondant
Distribution des résultats
% des personnes avec chaque résultat
Percentile par nombre de réponses
Votre historique - résultats
Vous n’avez pas pris ce quiz